000 01408cam a22003737a 4500
003 CHAP
005 20220817043646.0
008 000412d1999 us r 00110 eng d
010 _a80809
011 _a81781
020 _a0851992978
035 _a92261
040 _cCHAP
082 0 4 _a338.13
_bR4
100 0 0 _aRedclift, Michael R.
_eed.
_995360
245 1 0 _aAgriculture and world trade liberalisation :
_bsocio - environmental perspectives on the common agricultural policy
_c/ed. by M. R. Redclift, J. N. Lekakis and G. P. Zanias
260 _aWashington :
_bCAB. International,
_c1999.
300 _a269 p. :
_bgrafs. ; cuadros
590 _aBATCH-UPD
_b10
_c20130110
_lUCH01
_h0833
590 _aBATCH-UPD
_b10
_c20130410
_lUCH01
_h0511
590 _aBATCH-UPD
_b10
_c20130913
_lUCH01
_h2100
590 _aBATCH-UPD
_b10
_c20130914
_lUCH01
_h1929
590 _aCONVERSION
_b10
_c20130109
_lUCH01
_h1345
650 1 4 _aAgricultura
_xAspectos económicos.
650 1 4 _aAgricultura
_xFinanzas.
_91486
650 1 4 _aPolítica agrícola.
_990283
700 0 _aLekakis, Joseph N.
_eed.
_965923
700 0 _aZanias, George P.
_eed.
_9123622
901 _aBK
905 _aGuadalupe Pinto C.
942 _cLIBRO
949 _a338.13 R4
_bBC
_cLIBRO
_d33724000757514
_eLIBRO
_gI. 203413
_h97752
_i92261
_si
_t$1,024.00
949 _a338.13 R4
_bBC
_cLIBRO
_d33724000820361
_eLIBRO
_fc.2
_gI. 210894
_h99890
_i92261
_si
_t$835.00
999 _c80809
_d80809